El suelo : cómo mejorar el suelo
Guardado en:
| Formato: | Libro |
|---|---|
| Publicado: |
Roma :
Organización de las Naciones Unidas para,
1978
|
| Series: | Mejores cultivos; no. 6
|
| Materias: | |
| Etiquetas: |
Agregar Etiqueta
Sin Etiquetas, Sea el primero en etiquetar este registro!
|
| LEADER | 00785nam a22002295a 4500 | ||
|---|---|---|---|
| 001 | CEM.cems015602 | ||
| 005 | 20130606165817.0 | ||
| 008 | 130507s1978##################000#0#####d | ||
| 003 | CEMS | ||
| 020 | |a 9253001453 | ||
| 082 | 0 | 4 | |a 631.4 |
| 245 | 0 | 0 | |a El suelo : |b cómo mejorar el suelo |
| 260 | |a Roma : |b Organización de las Naciones Unidas para, |c 1978 | ||
| 300 | |a 29 p. | ||
| 490 | 0 | |a Mejores cultivos; no. 6 | |
| 505 | 0 | |a Cómo mejorar la fertilidad del suelo -- Cómo mejorar el suelo por muchos años -- Labranza con tracción animal | |
| 653 | |a Agricultura | ||
| 653 | |a Suelo-mejoras | ||
| 653 | |a Suelos | ||
| 653 | |a Labranza | ||
| 859 | |a CEMS |b BIB. CEMS - Agricultura |h 631.4 |i Su24 |p A1895.13 |t Ej.2 |v 6 |3 6 | ||
| 859 | |a CEMS |b BIB. CEMS - Agricultura |h 631.4 |i Su24 |p A9235.81 |t Ej.1 |v 6 |3 6 | ||
